000 00811cam a2200265 4500
001 D16177
008 090401t1971 xxu||||| |||| 00| 0 eng d
035 _a(Sirsi) u27638
041 _aeng
050 _a333.0017
_c18
090 _aRICS 1971/37ABC
110 _aRoyal Institution of Chartered Surveyors
_94900
245 4 _aThe rules of conduct of the Royal Institution of Chartered Surveyors (October 1958)
_b(Amended by order in Council 11 June 1971)
260 _a[S.l.]
_b[S.n.]
_c1971
300 _a4p.
350 _a0
490 _aRICS Rules of Conduct
650 _aPROFESSIONAL CONDUCT
650 _aRICS BYE-LAWS
650 _aRICS REGULATIONS
650 _aRICS RULES OF CONDUCT
690 _aMANAGEMENT-BUSINESS MANAGEMENT-PROFESSIONAL PRACTICE
942 _n0
948 _c04/03/1997
999 _c89142
_d89142